Statistics for 15 Largest Countries in North America

Click here to take the quiz!

General Stats

  • This quiz has been taken 44 times
  • The average score is 14 of 15

Answer Stats

Area (km2) Country % Correct
9,984,670Canada
100%
9,629,091United States
100%
1,964,375Mexico
100%
109,886Cuba
100%
130,373Nicaragua
98%
112,492Honduras
98%
75,417Panama
98%
27,750Haiti
98%
21,041El Salvador
95%
108,889Guatemala
93%
22,966Belize
93%
51,100Costa Rica
90%
48,671Dominican Republic
90%
13,943Bahamas
80%
2,166,086Denmark (Greenland)
66%

Score Distribution

Percentile by Number Answered

Percent of People with Each Score

Your Score History

You have not taken this quiz